| 000 | 00647nam a2200241Ia 4500 | ||
|---|---|---|---|
| 008 | 160901s9999 xx 000 0 und d | ||
| 020 | _a981-247-051-4 | ||
| 050 | _aComSc Q 335 | ||
| 050 | _b.R87 2003 c.1 | ||
| 100 | _aRussell, Stuart. | ||
| 245 | _aArtificial intelligence : | ||
| 245 | _ba modern approach / | ||
| 245 | _cStuart Russel. | ||
| 250 | _a2nd Edition | ||
| 260 | _aSingapore : | ||
| 260 | _bPearson Education Asia Pte. Ltd., | ||
| 260 | _c2003 | ||
| 300 | _a1080 pages : | ||
| 300 | _bill. ; | ||
| 300 | _c23 cm. | ||
| 500 | _aIncludes bibliographical references and index. | ||
| 650 | _aArtificial intelligence. | ||
| 999 |
_c300950 _d300950 |
||